Reestructuración productiva, mercado de trabajo y sindicatos en América Latina /

Enregistré dans:
Détails bibliographiques
Auteur principal: Garza Toledo, Enrique de la
Format: Texte
Publié: Buenos Aires: CLACSO. ASDI
Tags: Ajouter un tag
Pas de tags, Soyez le premier à ajouter un tag!

MARC

LEADER 00000 a a2200000 04500
001 12220
003
040
090 |a 142301  
100 |a Garza Toledo, Enrique de la  
245 |a Reestructuración productiva, mercado de trabajo y sindicatos en América Latina /  |c Enrique de la Garza Toledo 
260 |a Buenos Aires:   |b CLACSO. ASDI  
300 |a 198 p.  
500 |a Disponible tambien en Cd, en No. 194104  
999 |c 8298  |d 8298